000 00890nam a22002177a 4500
003 OSt
005 20260211104453.0
008 260211b |||||||| |||| 00| 0 eng d
040 _c0
082 _aDPer 796.07 J826 January-October 2023 v. 42 n. 1-4
100 _aSimonton, Kelly L.
_eauthor.
_969651
245 _aPhysical Education Teacher Experiences Through the Lens of a Pandemic /
_cKelly L. Simonton, Todd E. Layne, Boone Brown, and Keith Loupe.
260 _aUS
_bHuman Kinetics, Inc.
_cJanuary 2023
300 _aVolume 42, pages 123-134 :
_billustration ;
_c29 cm.
500 _aJournal of Teaching in Physical Education, vol. 42 no. 1, pages 123-134, January-October 2023.
700 _aSimonton, Kelly L.
_eauthor.
_969651
700 _aLayne, Todd E.
_eauthor.
_969652
700 _aBrown, Boone.
_eauthor.
_969653
700 _aLoupe, Keith.
_eauthor.
_969654
942 _2ddc
_cPER
999 _c24296
_d24296